| 000 | 01404cam a2200397 4500 | ||
|---|---|---|---|
| 999 |
_c23230 _d23230 |
||
| 001 | vtls011917808 | ||
| 005 | 20220428081015.0 | ||
| 008 | 210701s2020 xo er 000 f slo | ||
| 020 |
_a9788055170800 _q(viazané) |
||
| 035 | _aurn:nbn:sk:snk-am00fg14 | ||
| 035 | _aurn:nbn:sk:snk-am3isdo | ||
| 035 | _aD714638A-74DF-4409-8252-355D937E247A | ||
| 040 |
_aPOKPOH _bslo _cPOKPOH _dSNK _erda |
||
| 041 | 1 |
_aslo _heng |
|
| 044 |
_axo _cSK |
||
| 072 | 7 |
_a821.111(73)-3 _xAmerická próza _2konspekt |
|
| 080 |
_a821.111(73)-31 _22011 |
||
| 080 |
_a821-312.4 _22011 |
||
| 100 | 1 |
_aGerritsen, Tess, _d1953- _4aut _93043 |
|
| 240 | 1 | 4 |
_aThe Shape of night _lSlovensky |
| 245 | 1 | 0 |
_aTvar noci _cTess Gerritsenová ; preložil Patrick Frank |
| 246 | 1 |
_iObálkový podnázov: _aDobre si rozmyslite, kam sa ukryjete |
|
| 264 | 1 |
_aBratislava _bIkar _c2020 |
|
| 300 |
_a310 strán _c21 cm |
||
| 336 |
_atext _btxt _2rdacontent |
||
| 337 |
_abez média _bn _2rdamedia |
||
| 338 |
_azväzok _bnc _2rdacarrier |
||
| 500 | _aPreložené z angličtiny | ||
| 500 | _aObsahuje stručné biografické údaje o autorke na zadnej strane obalu publikácie | ||
| 655 | 7 |
_aamerické romány _2SNKPH _92 |
|
| 655 | 7 |
_aAmerican novels _2SNKPHeng _91670 |
|
| 655 | 7 |
_aDetective novels _2SNKPHeng _91711 |
|
| 655 | 7 |
_adetektívne romány _2SNKPH _91710 |
|
| 700 | 1 |
_aFrank, Patrick _c(prekladateľ) _4trl _91723 |
|
| 958 | _aOND | ||